Skyrim Capitals & Towns - Statistics

General Stats
  • This quiz has been taken 4,706 times
  • The average score is 13 of 16
Answer Stats
Hint Answer % Correct
Capital; Home to the Companions Whiterun
97%
Capital; Home to the Thieves Guild Riften
96%
Capital; Home of a magical College Winterhold
96%
Capital of Haafingar Solitude
94%
Town the game starts in Helgen
91%
Capital of the Reach Markarth
90%
Likely the first town visited Riverwood
87%
Capital of Eastmarch Windhelm
87%
Capital with large graveyards Falkreath
86%
Capital of the Pale Dawnstar
85%
Capital of Hjaalmarch Morthal
82%
Where Ragnar the Red is from Rorikstead
75%
A town at the foot of High Hrothgar Ivarstead
66%
Town with a Penitus Oculatus outpost Dragon Bridge
65%
A mining town in the Rift Shor's Stone
38%
A mining town in the Reach Karthwasten
32%
No matching quizzes found
Score Distribution
Percent of People with Each Score
Percentile by Number Answered
Your Score History
You have not taken this quiz